| 000 | 00434nam a2200157Ia 4500 | ||
|---|---|---|---|
| 005 | 20250403134754.0 | ||
| 008 | 231217s9999 xx 000 0 und d | ||
| 020 | _a9788131405642 | ||
| 082 | _a346.0486 CHA;3 | ||
| 100 | _aChakraborty, Shibashish ed. | ||
| 245 | 0 | _aNew patent regime : lessons for Indian pharma | |
| 260 |
_c2006 _bIcfai _aHyderabad |
||
| 300 | _axi, 245 | ||
| 650 | _apatent,regime,lessons,pharma | ||
| 942 | _cAA | ||
| 999 |
_c190935 _d190935 |
||